Countries with most arabs immigrants - Statistics

General Stats
  • This quiz has been taken 219 times
  • The average score is 13 of 19
Answer Stats
Population Countries % Correct
1,300,000 United States
98%
6,000,000 France
96%
1,000,000 Germany
94%
360,000 United kingdom
93%
380,000 Canada
90%
680,000 Italy
89%
5,000,000 Turkey
86%
12,000,000 Brazil
80%
350,000 Australia
74%
1,100,000 Mexico
74%
3,500,000 Argentina
73%
1,500,000 Colombia
67%
180,000 Netherlands
67%
700,000 Chile
63%
1,600,000 Venezuela
63%
5,000,000 Indonesia
51%
1,700,000 Israel
44%
100,000 El Salvador
16%
150,000 Honduras
15%
No matching quizzes found
Score Distribution
Percent of People with Each Score
Percentile by Number Answered
Your Score History
You have not taken this quiz